|
|
|
|
| LEADER |
00000nab a2200000 a 4500 |
| 001 |
vtls000578416 |
| 003 |
SK-MaSNL |
| 005 |
20260304091942.0 |
| 008 |
250425c1995 xo 0 slo |
| 015 |
|
|
|a SNBRB19rr/mm-uuuuu
|
| 035 |
|
|
|a CL0578554
|
| 035 |
|
|
|a urn:nbn:sk:snk-abbpq0
|
| 035 |
|
|
|a (urnnbn)urn:nbn:sk:snk:ar-001hnb
|
| 035 |
|
|
|a (uuid)11bf51b6-2a6a-42f0-bebf-0e02b5221144
|
| 040 |
|
|
|a SNKBUCL
|b slo
|c SNKBUCL
|e AACR2
|
| 041 |
0 |
|
|a cze
|
| 044 |
|
|
|a xo
|c SK
|
| 080 |
|
|
|a 669.017
|2 1981
|
| 100 |
1 |
|
|a Pokluda, Jaroslav,
|d 1949-
|4 aut
|9 264700
|
| 245 |
1 |
0 |
|a K teorii inherentní křehkosti a tvárnosti
|c Jaroslav Pokluda, Pavel Šandera
|
| 300 |
|
|
|b Tab. 3, res. angl., čes., lit. 12 zázn. v angl., slov.
|
| 650 |
0 |
7 |
|a krehkosť inherentná
|2 snkbucl
|9 1384990
|
| 650 |
0 |
7 |
|a tvárniteľnosť
|2 snkbucl
|9 86076
|
| 655 |
|
7 |
|a články z novín a časopisov
|2 snkbucl
|9 267496
|
| 700 |
1 |
|
|a Šandera, Pavel,
|d 1954-
|4 aut
|9 182198
|
| 773 |
0 |
|
|t Kovové materiály
|g Roč. 33, č. 6 (1995), s. 375-383
|x 0023-432X
|
| 850 |
|
|
|a Slovenská národná knižnica
|
| 852 |
|
|
|a Slovenská národná knižnica
|
| 954 |
|
|
|a odborná, vedecká literatúra cudzojazyčná (svetová)
|2 lita
|
| 958 |
|
|
|a article15
|
| 958 |
|
|
|a OND
|
| 958 |
|
|
|a NB
|
| 958 |
|
|
|a RK
|
| 958 |
|
|
|a CZ
|
| 958 |
|
|
|a EUIPO
|
| 992 |
|
|
|a RBX
|
| 999 |
|
|
|c 2817549
|d 2819479
|